<?xml version="1.0" encoding="UTF-8"?>
<record
    xmlns:xsi="http://www.w3.org/2001/XMLSchema-instance"
    xsi:schemaLocation="http://www.loc.gov/MARC21/slim http://www.loc.gov/standards/marcxml/schema/MARC21slim.xsd"
    xmlns="http://www.loc.gov/MARC21/slim">

  <leader>00391nam a22001697a 4500</leader>
  <controlfield tag="003">SGT</controlfield>
  <datafield tag="020" ind1=" " ind2=" ">
    <subfield code="a">9789394102408</subfield>
  </datafield>
  <datafield tag="082" ind1=" " ind2=" ">
    <subfield code="a">612</subfield>
    <subfield code="b">H24J</subfield>
  </datafield>
  <datafield tag="100" ind1=" " ind2=" ">
    <subfield code="a">JAIN, AK</subfield>
  </datafield>
  <datafield tag="245" ind1=" " ind2=" ">
    <subfield code="a">HUMAN PHYSIOLOGY FOR PHYSIOTHERAPY</subfield>
  </datafield>
  <datafield tag="250" ind1=" " ind2=" ">
    <subfield code="a">4TH</subfield>
  </datafield>
  <datafield tag="260" ind1=" " ind2=" ">
    <subfield code="a">INDIA </subfield>
    <subfield code="b">ARYA PUB </subfield>
    <subfield code="c">2024</subfield>
  </datafield>
  <datafield tag="300" ind1=" " ind2=" ">
    <subfield code="a">540</subfield>
  </datafield>
  <datafield tag="650" ind1=" " ind2=" ">
    <subfield code="a">HUMAN PHYSIOLOGY</subfield>
  </datafield>
  <datafield tag="653" ind1=" " ind2=" ">
    <subfield code="a">HUMAN PHYSIOLOGY FOR PHYSIOTHERAPY</subfield>
  </datafield>
  <datafield tag="942" ind1=" " ind2=" ">
    <subfield code="2">ddc</subfield>
    <subfield code="c">BK</subfield>
  </datafield>
  <datafield tag="952" ind1=" " ind2=" ">
    <subfield code="0">0</subfield>
    <subfield code="1">0</subfield>
    <subfield code="2">ddc</subfield>
    <subfield code="4">0</subfield>
    <subfield code="7">1</subfield>
    <subfield code="8">MEDICAL</subfield>
    <subfield code="a">FM</subfield>
    <subfield code="b">FM</subfield>
    <subfield code="c">TXT</subfield>
    <subfield code="d">2025-10-06</subfield>
    <subfield code="e">BW/000271</subfield>
    <subfield code="g">950.00</subfield>
    <subfield code="i">SGTU</subfield>
    <subfield code="l">0</subfield>
    <subfield code="o">612 H24J</subfield>
    <subfield code="p">FM15611</subfield>
    <subfield code="r">2025-11-11 00:00:00</subfield>
    <subfield code="w">2025-10-06</subfield>
    <subfield code="y">BK</subfield>
    <subfield code="k">BW/000285</subfield>
  </datafield>
  <datafield tag="952" ind1=" " ind2=" ">
    <subfield code="0">0</subfield>
    <subfield code="1">0</subfield>
    <subfield code="2">ddc</subfield>
    <subfield code="4">0</subfield>
    <subfield code="7">0</subfield>
    <subfield code="8">MEDICAL</subfield>
    <subfield code="a">FM</subfield>
    <subfield code="b">FM</subfield>
    <subfield code="c">TXT</subfield>
    <subfield code="d">2025-10-06</subfield>
    <subfield code="e">BW/000271</subfield>
    <subfield code="g">950.00</subfield>
    <subfield code="i">SGTU</subfield>
    <subfield code="l">8</subfield>
    <subfield code="o">612 H24J</subfield>
    <subfield code="p">FM15612</subfield>
    <subfield code="q">2026-06-12</subfield>
    <subfield code="r">2026-05-29 08:32:16</subfield>
    <subfield code="s">2026-05-29</subfield>
    <subfield code="w">2025-10-06</subfield>
    <subfield code="y">BK</subfield>
    <subfield code="k">BW/000285</subfield>
  </datafield>
  <datafield tag="952" ind1=" " ind2=" ">
    <subfield code="0">0</subfield>
    <subfield code="1">0</subfield>
    <subfield code="2">ddc</subfield>
    <subfield code="4">0</subfield>
    <subfield code="7">0</subfield>
    <subfield code="8">MEDICAL</subfield>
    <subfield code="a">FM</subfield>
    <subfield code="b">FM</subfield>
    <subfield code="c">TXT</subfield>
    <subfield code="d">2025-10-06</subfield>
    <subfield code="e">BW/000271</subfield>
    <subfield code="g">950.00</subfield>
    <subfield code="i">SGTU</subfield>
    <subfield code="l">11</subfield>
    <subfield code="o">612 H24J</subfield>
    <subfield code="p">FM15613</subfield>
    <subfield code="r">2026-06-03 12:41:29</subfield>
    <subfield code="s">2026-06-01</subfield>
    <subfield code="w">2025-10-06</subfield>
    <subfield code="y">BK</subfield>
    <subfield code="k">BW/000285</subfield>
  </datafield>
  <datafield tag="952" ind1=" " ind2=" ">
    <subfield code="0">0</subfield>
    <subfield code="1">0</subfield>
    <subfield code="2">ddc</subfield>
    <subfield code="4">0</subfield>
    <subfield code="7">0</subfield>
    <subfield code="8">MEDICAL</subfield>
    <subfield code="a">FM</subfield>
    <subfield code="b">FM</subfield>
    <subfield code="c">TXT</subfield>
    <subfield code="d">2025-10-06</subfield>
    <subfield code="e">BW/000271</subfield>
    <subfield code="g">950.00</subfield>
    <subfield code="i">SGTU</subfield>
    <subfield code="l">9</subfield>
    <subfield code="o">612 H24J</subfield>
    <subfield code="p">FM15614</subfield>
    <subfield code="r">2026-06-03 12:41:30</subfield>
    <subfield code="s">2026-05-18</subfield>
    <subfield code="w">2025-10-06</subfield>
    <subfield code="y">BK</subfield>
    <subfield code="k">BW/000285</subfield>
  </datafield>
  <datafield tag="952" ind1=" " ind2=" ">
    <subfield code="0">0</subfield>
    <subfield code="1">0</subfield>
    <subfield code="2">ddc</subfield>
    <subfield code="4">0</subfield>
    <subfield code="7">0</subfield>
    <subfield code="8">MEDICAL</subfield>
    <subfield code="a">FM</subfield>
    <subfield code="b">FM</subfield>
    <subfield code="c">TXT</subfield>
    <subfield code="d">2025-10-06</subfield>
    <subfield code="e">BW/000271</subfield>
    <subfield code="g">950.00</subfield>
    <subfield code="i">SGTU</subfield>
    <subfield code="l">7</subfield>
    <subfield code="o">612 H24J</subfield>
    <subfield code="p">FM15615</subfield>
    <subfield code="q">2026-06-10</subfield>
    <subfield code="r">2026-05-27 14:53:11</subfield>
    <subfield code="s">2026-05-27</subfield>
    <subfield code="w">2025-10-06</subfield>
    <subfield code="y">BK</subfield>
    <subfield code="k">BW/000285</subfield>
  </datafield>
  <datafield tag="999" ind1=" " ind2=" ">
    <subfield code="c">33174</subfield>
    <subfield code="d">33174</subfield>
  </datafield>
</record>
